Kashmir Dispute / (Record no. 616237)
[ view plain ]
| 000 -LEADER | |
|---|---|
| fixed length control field | 00341nam a22001097a 4500 |
| 082 ## - DEWEY DECIMAL CLASSIFICATION NUMBER | |
| Classification number | 954.042 |
| Author Mark | KAS |
| 245 ## - TITLE STATEMENT | |
| Title | Kashmir Dispute / |
| Statement of responsibility, etc. | Edited by Bureau of National Research & Reference Government of Pakistan |
| 260 ## - PUBLICATION, DISTRIBUTION, ETC. | |
| Place of publication, distribution, etc. | Pakistan : |
| Name of publisher, distributor, etc. | Bureau of National Research & Reference, |
| 300 ## - PHYSICAL DESCRIPTION | |
| Extent | 227 p. ; |
| Dimensions | 23 cm. |
| 563 ## - BINDING INFORMATION | |
| Binding note | HB. |
| 942 ## - ADDED ENTRY ELEMENTS (KOHA) | |
| Source of classification or shelving scheme | |
| Koha item type | Book |
| Withdrawn status | Lost status | Source of classification or shelving scheme | Damaged status | Not for loan | Permanent Location | Current Location | Date acquired | Source of acquisition | Total Checkouts | Full call number | Barcode | Date last seen | Price effective from | Koha item type |
|---|---|---|---|---|---|---|---|---|---|---|---|---|---|---|
| NUST Law School (NLS) | NUST Law School (NLS) | 02/17/2026 | Donated by Mr. Salahuddin Khan Advocate Supreme Court of Pakistan | 954.042 KAS | NLSD-563 | 02/17/2026 | 02/17/2026 | Book |
